00860nam a2200241Ia 4500003000400000005001700004008004100021020001500062040001800077041000800095082002000103100003600123245006300159250001200222260003100234300002600265650003600291650004900327650003100376942002900407999001900436952016300455OSt20241107124947.0210716s2005 xx 000 0 und d a817881465X cAIMIT LIBRARY aeng a650.1 21bRAVN aRavinuthala, Nagasudha.9184469 aArt of time management /cEdited by Nagasudha Rivinuthala. a1st ed. aHyderabad :bICFAI.c2005. avi,180p. ;bPBc24 cm aThe compression of time9184470 aUnderstanding time management styles9184471 aFirst things first9184472 2ddccBKe1stk650.1 RAVN c199670d199670 00102ddc40708MBAaAIMITbAIMITd2005-11-15g350.00iBill no:IP/MG-I/002/10/05; Bill l0o650.1 RAVNpMBA02235r2026-05-23 00:00:00v262.50w2021-07-16yBK